[Event "Alzira op"]
[Site "Alzira"]
[Date "2018.05.04"]
[Round "2.11"]
[White "Lopez Sardinas, Alexis Adalberto"]
[Black "Simon Morales, Miguel Angel"]
[Result "1-0"]
[WhiteElo "1159"]
[BlackElo "1401"]
[PlyCount "62"]
[EventDate "2018.04.28"]
[EventType "swiss"]
[EventRounds "7"]
[EventCountry "ESP"]
[SourceTitle "EXT 2024"]
[Source "ChessBase"]
[SourceDate "2023.10.10"]
[SourceVersion "1"]
[SourceVersionDate "2023.10.10"]
[SourceQuality "1"]

1. d4 g6 2. c4 Bg7 3. Nc3 Nc6 4. Nf3 d6 5. e4 Bg4 6. d5 Ne5 7. Be2 Bxf3 8. Bxf3 Nxc4 9. Qa4+ Qd7 10. Qxc4 Nf6 11. 0-0 0-0 12. Be3 c5 13. Rfd1 Ng4 14. Bxg4 Qxg4 15. h3 Qh5 16. Qe2 a6 17. Qxh5 gxh5 18. a4 b6 19. f4 Bh6 20. Re1 Kh8 21. e5 Rg8 22. f5 Bg5 23. Bxg5 Rxg5 24. exd6 exd6 25. f6 Rag8 26. Re2 h6 27. Rd1 Kh7 28. Rdd2 R8g6 29. Rf2 Re5 30. Rde2 Reg5 31. Re7 Kg8 1-0